Review of medical microbiology and immunology / (Record no. 18443)
[ view plain ]
| 000 -LEADER | |
|---|---|
| fixed length control field | 01375nam a22003738i 4500 |
| 001 - CONTROL NUMBER | |
| control field | 016635413 |
| 003 - CONTROL NUMBER IDENTIFIER | |
| control field | OSt |
| 005 - DATE AND TIME OF LATEST TRANSACTION | |
| control field | 20141012135719.0 |
| 008 - FIXED-LENGTH DATA ELEMENTS--GENERAL INFORMATION | |
| fixed length control field | 140217t2014 xxua frb 001 0 eng d |
| 020 ## - INTERNATIONAL STANDARD BOOK NUMBER | |
| International Standard Book Number | 9780071818117 (pbk.) |
| 020 ## - INTERNATIONAL STANDARD BOOK NUMBER | |
| International Standard Book Number | 9781259255175 (international edition : pbk) |
| 020 ## - INTERNATIONAL STANDARD BOOK NUMBER | |
| International Standard Book Number | 1259255174 |
| 040 ## - CATALOGING SOURCE | |
| Original cataloging agency | StDuBDS |
| Language of cataloging | eng |
| Transcribing agency | StDuBDS |
| Modifying agency | EG-ScBUE |
| 082 00 - DEWEY DECIMAL CLASSIFICATION NUMBER | |
| Classification number | 616.9041 |
| Edition number | 22 |
| Item number | LEV |
| 100 1# - MAIN ENTRY--PERSONAL NAME | |
| Personal name | Levinson, Warren |
| 9 (RLIN) | 36177 |
| 245 10 - TITLE STATEMENT | |
| Title | Review of medical microbiology and immunology / |
| Statement of responsibility, etc | Warren Levinson. |
| 250 ## - EDITION STATEMENT | |
| Edition statement | 13th ed., |
| Remainder of edition statement | international ed. |
| 260 ## - PUBLICATION, DISTRIBUTION, ETC. (IMPRINT) | |
| Place of publication, distribution, etc | New York, United States : |
| Name of publisher, distributor, etc | McGraw-Hill Medical, |
| Date of publication, distribution, etc | c.2014. |
| 300 ## - PHYSICAL DESCRIPTION | |
| Extent | ix, 789 p. : |
| Other physical details | ill. (col.) ; |
| Dimensions | 28 cm. |
| 490 0# - Series Statement | |
| Series statement | A Lange Medical Book |
| 500 ## - GENERAL NOTE | |
| General note | Previous edition : 2012. |
| 500 ## - GENERAL NOTE | |
| General note | Index : p. 741-789. |
| 504 ## - BIBLIOGRAPHY, ETC. NOTE | |
| Bibliography, etc | Includes bibliographical references. |
| 650 #0 - SUBJECT ADDED ENTRY--TOPICAL TERM | |
| Topical term or geographic name as entry element | Medical microbiology |
| Form subdivision | Outlines, syllabi, etc. |
| 9 (RLIN) | 27322 |
| 650 #0 - SUBJECT ADDED ENTRY--TOPICAL TERM | |
| Topical term or geographic name as entry element | Clinical immunology |
| Form subdivision | Outlines, syllabi, etc. |
| 9 (RLIN) | 36178 |
| 650 10 - SUBJECT ADDED ENTRY--TOPICAL TERM | |
| Topical term or geographic name as entry element | Microbiology |
| Form subdivision | Outlines |
| 9 (RLIN) | 36179 |
| 650 20 - SUBJECT ADDED ENTRY--TOPICAL TERM | |
| Topical term or geographic name as entry element | Allergy and Immunology |
| Form subdivision | Examination Questions |
| 9 (RLIN) | 36180 |
| 650 20 - SUBJECT ADDED ENTRY--TOPICAL TERM | |
| Topical term or geographic name as entry element | Allergy and Immunology |
| Form subdivision | Outlines |
| 9 (RLIN) | 36181 |
| 650 20 - SUBJECT ADDED ENTRY--TOPICAL TERM | |
| Topical term or geographic name as entry element | Immunologic Techniques |
| Form subdivision | Examination Questions |
| 9 (RLIN) | 36182 |
| 650 20 - SUBJECT ADDED ENTRY--TOPICAL TERM | |
| Topical term or geographic name as entry element | Immunologic Techniques |
| Form subdivision | Outlines |
| 9 (RLIN) | 36183 |
| 653 ## - INDEX TERM--UNCONTROLLED | |
| Resource For college | Pharmacy |
| Arrived date list | October2014 |
| 655 ## - INDEX TERM--GENRE/FORM | |
| Form subdivision | |
| -- | 33728 |
| 942 ## - ADDED ENTRY ELEMENTS (KOHA) | |
| Source of classification or shelving scheme | Dewey Decimal Classification |
| Call number prefix | 616.9041 LEV |
| Withdrawn status | Item status | Source of classification or shelving scheme | Damaged status | Not for loan | Vendor | Home library | Current library | Shelving location | Date acquired | Source of acquisition | Cost, normal purchase price | Total Checkouts | Full call number | Barcode | Date last seen | Cost, replacement price | Koha item type | Date last borrowed |
|---|---|---|---|---|---|---|---|---|---|---|---|---|---|---|---|---|---|---|
| Dewey Decimal Classification | Baccah | Central Library | Central Library | First floor | 12/10/2014 | 200.00 | 616.9041 LEV | 000036563 | 15/07/2025 | 250.00 | NB - Book (Non borrowing) | |||||||
| Dewey Decimal Classification | Baccah | Central Library | Central Library | First floor | 12/10/2014 | 200.00 | 616.9041 LEV | 000036564 | 15/07/2025 | 250.00 | Book - Borrowing | |||||||
| Dewey Decimal Classification | Baccah | Central Library | Central Library | First floor | 12/10/2014 | 200.00 | 1 | 616.9041 LEV | 000036565 | 15/07/2025 | 250.00 | Book - Borrowing | 09/12/2015 | |||||
| Dewey Decimal Classification | Baccah | Central Library | Central Library | First floor | 12/10/2014 | 616.9041 LEV | 000036566 | 15/07/2025 | Book - Borrowing | |||||||||
| Dewey Decimal Classification | Baccah | Central Library | Central Library | First floor | 12/10/2014 | 616.9041 LEV | 000036611 | 15/07/2025 | Book - Borrowing |